000 00286nam a2200121Ia 4500
005 20251222154404.0
008 251222s9999||||xx |||||||||||||| ||spa||
020 _a84-320-9104-9
082 _a818.57/L85Q/1987
100 _a"London, Jack"
245 0 _aLa quimera del oro
942 _cLIB
999 _c35400
_d35400